| Tag |
First Indicator |
Second Indicator |
Subfields |
| LEADER |
00000cam a2200000 4500 |
| 001 |
in00000672813 |
| 005 |
20151015084503.0 |
| 008 |
800930r19741800miu a 00010beng d |
| 035 |
|
|
|a (OCoLC)06770155
|
| 035 |
|
|
|9 ACY1863AM
|
| 040 |
|
|
|a EEU
|c TXA
|d UtOrBLW
|
| 049 |
|
|
|a TXAI
|
| 090 |
|
|
|a E312
|b .W4
|
| 099 |
|
|
|a film
|a B
|a 1512
|a reel
|a 609.13
|
| 100 |
1 |
|
|a Weems, M. L.
|q (Mason Locke),
|d 1759-1825.
|
| 245 |
1 |
2 |
|a A history of the life and death, virtues and exploits, of General George Washington :
|b dedicated to Mrs. Washington.
|
| 264 |
|
3 |
|a George-town :
|b Printed for M. L. Weems by Green & English,
|c [1800]
|
| 300 |
|
|
|a 80 pages
|
| 336 |
|
|
|a text
|b txt
|2 rdacontent
|
| 337 |
|
|
|a microform
|b h
|2 rdamedia
|
| 338 |
|
|
|a microfilm reel
|b hd
|2 rdacarrier
|
| 500 |
|
|
|a "Containing a great many curious and valuable anecdotes, tending to throw much light on the private as well as public life and character, of that very extraordinary man. The whole happily calculated to furnish a feast of true Washingtonian entertainment and improvement, both to ourselves and our children."--title page.
|
| 500 |
|
|
|a Microfilm. Ann Arbor, Mich., Xerox University Microfilms, 1974. 1 reel. 35 mm. (American Culture Series, reel 609.13)
|
| 500 |
|
|
|a Microform.
|
| 600 |
1 |
0 |
|a Washington, George,
|d 1732-1799.
|
| 999 |
|
|
|a MARS
|
| 999 |
f |
f |
|s 091a0670-3e69-360a-a295-3522fa25f937
|i 35a96a25-9fd6-3204-9f5b-b76f3e406edc
|t 0
|
| 952 |
f |
f |
|p default
|a Texas A&M University
|b College Station
|c Sterling C. Evans Library
|d Evans: Microforms (3rd floor)
|t 0
|e film B 1512 reel 609.13
|h Other scheme
|i microform -- microfilm reel
|
| 998 |
f |
f |
|a film B 1512 reel 609.13
|t 0
|l Evans: Microforms (3rd floor)
|